000 00665nja a2200193 a 4500
003 BLK
005 20230801005254.0
008 180414c bul|r|ner|||| 00| c0bul d
010 _aNOT00003072195
040 _aBLK
245 1 0 _aСтани, моме, отвори ни
_bЗа тригласен хор
_cМарин Петров Големинов.
257 _aBGR
380 _a7
773 _0315112
_9667894
_aГолеминов, Марин Петров
_tГодината в песни
852 _aЦб М ІІ 11784
942 _cNOT
_n0
944 _aCR
_c14.01.2010
_k
_lCRON CRON
944 _aED
_c12.11.2014
_kВиолета_Тройчева
999 _c315307
_d315307